Biblioteca

El pastor en la cultura actual : (Registro nro. 71445)

Detalles MARC
000 -LÍDER
Campo fijo de descripción fija 01338nam a2200361 i 4500
001 - NÚMERO DE CONTROL
Campo de control 768714001
003 - IDENTIFICADOR DEL NÚMERO DE CONTROL
Campo de control CO-MdFUSB
005 - FECHA Y HORA DE LA ULTIMA TRANSACCIÓN
control field 20260408113106.0
007 - CAMPO FIJO DE DESCRIPCIÓN FIJA--INFORMACIÓN GENERAL
Campo fijo de descripción fija ta
008 - ELEMENTOS DE LONGITUD FIJA -- INFORMACIÓN GENERAL
Campo fijo de descripción fija -- Información general 250917t2016 -us |||g |||| 00| 0 spa d
020 ## - NÚMERO INTERNACIONAL NORMALIZADO PARA LIBROS
Número Internacional Normalizado del libro 978-1-941538-23-4
040 ## - FUENTE DE CATALOGACIÓN
Agencia de catalogación original CO-MdFUSB
Idioma de catalogación spa
Agencia que realiza la transcripción CO-MdFUSB
Agencia que realiza la modificación CO-MdFUSBC
Convenciones de la descripción rda
041 ## - CÓDIGO DE IDIOMA
Código de idioma para texto/pista de sonido o título separado spa
Código de idioma original eng
082 ## - NÚMERO DE CLASIFICACIÓN DECIMAL DEWEY
Número de la edición del Dewey 23
Número de clasificación 261.8
Clave de autor-Numero de item M115
240 ## - TITULO UNIFORME
Título uniforme <a href="Right thinking in a world gone wrong.">Right thinking in a world gone wrong.</a>
245 ## - TÍTULO
Título del Material El pastor en la cultura actual :
Parte restante del título - Subtitulo respuestas bíblicas a temas candentes de hoy, por las voces más confiables.
Mención de responsabilidad, etc. / Editado por John MacArthur
264 #1 - PRODUCCIÓN, PUBLICACIÓN, DISTRIBUCIÓN, MANUFACTURA, Y COPYRIGHT
Nombre del productor, publicador, distribuidor Nivel Uno,
Lugar de producción, publicación, distribución, manufactura Florida, Estados Unidos :
Fecha de producción, publicación, distribución, manufactura, o copyright [2016]
264 #4 - PRODUCCIÓN, PUBLICACIÓN, DISTRIBUCIÓN, MANUFACTURA, Y COPYRIGHT
Fecha de producción, publicación, distribución, manufactura, o copyright ©2016
300 ## - DESCRIPCIÓN FÍSICA
Extensión 252 páginas
Dimensiones ; 21 cm
336 ## - TIPO DE CONTENIDO
Fuente rdacontent
Término de tipo de contenido texto
Código de tipo de contenido txt
337 ## - TIPO DE MEDIO
Fuente rdamedia
Nombre del tipo de medio sin mediación
Código del tipo de medio n
338 ## - TIPO DE SOPORTE
Fuente rdacarrier
Nombre del tipo de soporte volumen
Código Tipo de soporte nc
505 ## - NOTA DE CONTENIDO
Información miscelánea El entretenimiento y el ocio. -- La moral y la ética. -- La política y el activismo. -- La tragedia y el sufrimiento.
563 ## - NOTA DE ENCUADERNACIÓN
Nota de encuadernación rústico
650 #7 - ASIENTO SECUNDARIO DE MATERIA - TERMINO TEMÁTICO
Término temático o nombre geográfico como elemento de entrada Teología pastoral
9 (RLIN) 227
653 ## - TÉRMINO DE INDIZACIÓN - NO CONTROLADO
Término no controlado Cristianismo — Aspectos sociales
653 ## - TÉRMINO DE INDIZACIÓN - NO CONTROLADO
Término no controlado Problemas sociales — Aspectos religiosos
653 ## - TÉRMINO DE INDIZACIÓN - NO CONTROLADO
Término no controlado Cultura — Aspectos religiosos — Cristianismo
653 ## - TÉRMINO DE INDIZACIÓN - NO CONTROLADO
Término no controlado Ética cristiana
700 1# - ASIENTO SECUNDARIO - NOMBRE PERSONAL
Nombre personal MacArthur, John,
Fechas asociadas con el nombre 1939-
9 (RLIN) 143
Responsabilidad editor
942 ## - TIPO DE MATERIAL (KOHA)
Tipo de Item KOHA Libros General
945 ## - INFORMACIÓN LOCAL DEL REGISTRO
Catalogador Estudiante Juan Eusse
Existencias
Estado de Material Estado de Perdido Forma de Clasificación Estado de Dañado No para Préstamo Colección Biblioteca de Origen Biblioteca Permanente Fecha de Adquisición Área Total de Préstamos Signatura Topográfica Código de Barras Última vez visto Ejemplar/Existencia Fecha de Remplazo Tipo de Material
    Dewey Decimal Classification     Colección General Biblioteca FUSBC Biblioteca FUSBC 17/09/2025 TEOLOGÍA PASTORAL   G 261.8 M115e 25784 17/09/2025 Ej. 1 17/09/2025 Libros General

Biblioteca FUSBC | Teléfono: (57+4) 349 88 10 Ext. 141| WhatsApp (+57) 3005338115 
E-mail: biblioteca@unisbc.edu.co | Calle 76 87-14 Robledo Palenque, Medellín, Colombia

Con tecnología Koha